Thomas Edison
| Main Author: | |
|---|---|
| Format: | Book |
| Language: | English |
| Published: |
U.S.A. :
Scholastic Inc. ,
c2001
|
| Subjects: |
MARC
| LEADER | 00000cam a2200000 7i4500 | ||
|---|---|---|---|
| 001 | 0000068531 | ||
| 005 | 20091126.0 | ||
| 008 | 091124 eng | ||
| 020 | |a 0439263190 | ||
| 090 | 0 | 0 | |a JLC 621.3092 SUL |
| 100 | 1 | |a Sullivan, George | |
| 245 | 1 | 0 | |a Thomas Edison |c George Sullivan |
| 260 | |a U.S.A. : |b Scholastic Inc. , |c c2001 | ||
| 300 | |a 128p. : |b ill. ; |c 19cm. | ||
| 650 | 0 | 0 | |a Edison, Thomas |x Juvenile Literature |y 1847-1931 |
| 999 | |a 0000068589 |b Buku |c Lincoln Corner Pinjaman Kanak-kanak |e Perbadanan Perpustakaan Awam Melaka | ||